Shaded relief map of the Casius quadrangle of Mars /

Bibliographic Details
Corporate Author: Geological Survey (U.S.)
Format: Government Document Map
Language:English
Published: Reston, Va. : The Survey, 1978.
Series:Miscellaneous investigations series (Geological Survey (U.S.)) ; map I-1121.
Subjects:

MARC

Tag First Indicator Second Indicator Subfields
LEADER 00000cem a2200000Ia 4500
001 in00002467263
005 20151111041923.0
007 aj canzn
008 790725s1978 vaub cc a f 0 eng d
034 1 |a a  |b 4336000 
035 |a (OCoLC)ocm05207570 
035 |a (OCoLC)5207570 
040 |a GIS  |c GIS  |d OCL  |d UUM  |d DNU  |d COP  |d STF  |d TXA  |d UtOrBLW 
043 |a zma---- 
049 |a TXAM 
050 1 4 |a G3182.M3 S5000  |b G46, no.MC-6 
052 |a 3182  |b M3 
074 |a 0619-G-08 
086 0 |a I 19.91:I-1121 
110 2 |a Geological Survey (U.S.) 
245 1 0 |a Shaded relief map of the Casius quadrangle of Mars /  |c Department of the Interior, United States Geological Survey. 
246 3 0 |a Casius quadrangle of Mars. 
255 |a Scale 1:4,336,000 at 30⁰ latitude ;  |b Lambert conformal proj. 
264 1 |a Reston, Va. :  |b The Survey,  |c 1978. 
300 |a 1 map : color ;  |c 49 x 69 cm., folded in envelope 30 x 24 cm. 
336 |a cartographic image  |b cri  |2 rdacontent 
337 |a unmediated  |b n  |2 rdamedia 
338 |a sheet  |b nb  |2 rdacarrier 
490 1 |a Miscellaneous geologic investigations ;  |v map I-1121 
490 1 |a Atlas of Mars 1:5,000,000 topographic series ;  |v I-1121 (MC-6) 
500 |a Relief shown by shading. 
500 |a Includes text, index to photographs, and tables. 
500 |a "Prepared for the National Aeronautics and Space Administration." 
504 |a Includes bibliographical references. 
500 |a Cartographic material. 
651 0 |a Mars (Planet)  |v Maps, Physical. 
830 0 |a Miscellaneous investigations series (Geological Survey (U.S.)) ;  |v map I-1121. 
810 2 |a Geological Survey (U.S.).  |t Atlas of Mars.  |p 1:5,000,000 topographic series ;  |v map I-1121 (MC-6) 
994 |a C0  |b TXA 
948 |a cataloged  |b h  |c 2009/07/09  |e rzeske  |f 10:38:59 am 
999 |a MARS 
999 f f |s 0bfe690e-857e-3da1-afaf-548bcd3cd544  |i 6e63062b-4715-3001-9980-e88b7e21e7e0  |t 0 
952 f f |p normal  |a Texas A&M University  |b College Station  |c Sterling C. Evans Library  |d Evans: Maps File (2nd floor)  |t 0  |e I 19.91:I-1121  |h Superintendent of Documents classification  |i unmediated -- sheet  |m A14837625105 
998 f f |a I 19.91:I-1121  |t 0  |l Evans: Maps File (2nd floor)